000 01435nam a2200265 4500
001 18414
003 DO-SdUEMH
005 20260330215604.0
007 ta
008 260330b2019 dr a|||gr|||| 000 0 spa d
020 _a9789945927719
040 _aDO-SdUEMH
_bspa
_erda
041 _aspa
082 0 4 _mRD
_bB272f
100 _eaut
245 3 0 _aEl futuro del mercado de trabajo en República Dominicana /
_cFernando Barrero, Gullem Martí, Javier Villamizar
264 0 1 _aSanto Domingo, República Dominicana :
_bBarna Management School,
_c2019
300 _a168 paginas :
_bilustraciones ;
_c24 cm.
336 _2rdacontent
_atexto
_btxt
337 _2rdamedia
_asin mediación
_bn
338 _2rdacarrier
_avolumen
_bnc
504 _aBibliografías en paginas 149-161
505 1 _aCapítulo 1. bondades y retos de la cuarta Revolución Industrial validadas durante la pandemia -- Capítulo 2. tendencias en el mercado mundial de trabajo dinamizadas en el último año y competencias con oportunidades de desarrollo -- Capítulo 3. caracterización de la oferta del trabajo en la República Dominicana -- Capítulo 4. cambios en la demanda de trabajo en República Dominicana en el último año -- Asimetrías encontradas entre la oferta y la demanda del trabajo en la República Dominicana -- Capítulo 6. oportunidades para mejorar los factores que inciden en el futuro del mercado de trabajo en el país
942 _2ddc
_n0
_cBK
999 _c18414
_d18414